000 00442nam a2200169Ia 4500
001 18883
003 IN-NITTTR
005 20251114233219.0
008 251113s9999||||xx |||||||||||||| ||eng||
040 _beng
040 _cIN-NITTTR
041 _aeng
082 _a004.6 C734I R
100 _aComer, Douglas E.
245 0 _aInternetworking with TCP/IP :
_b principles, protocols and architecture. /
_cComer, Douglas E.
942 _2ddc
_cBK
999 _c21517
_d21517